<?xml version="1.0" encoding="UTF-8"?>
<record
    xmlns:xsi="http://www.w3.org/2001/XMLSchema-instance"
    xsi:schemaLocation="http://www.loc.gov/MARC21/slim http://www.loc.gov/standards/marcxml/schema/MARC21slim.xsd"
    xmlns="http://www.loc.gov/MARC21/slim">

  <leader>00327nam a22001217a 4500</leader>
  <controlfield tag="005">20260630145753.0</controlfield>
  <datafield tag="020" ind1=" " ind2=" ">
    <subfield code="a">9781009100410</subfield>
  </datafield>
  <datafield tag="082" ind1=" " ind2=" ">
    <subfield code="a">327.202 KAR/D</subfield>
  </datafield>
  <datafield tag="245" ind1=" " ind2=" ">
    <subfield code="a">Diplomatic tradecraft/</subfield>
    <subfield code="c">edited by Nicholas Karlev</subfield>
  </datafield>
  <datafield tag="260" ind1=" " ind2=" ">
    <subfield code="a">. - U K</subfield>
    <subfield code="b">: Cambridge University Press</subfield>
    <subfield code="c">, 2024</subfield>
  </datafield>
  <datafield tag="300" ind1=" " ind2=" ">
    <subfield code="a">x+402 pages</subfield>
  </datafield>
  <datafield tag="942" ind1=" " ind2=" ">
    <subfield code="2">ddc</subfield>
    <subfield code="c">REF</subfield>
  </datafield>
  <datafield tag="999" ind1=" " ind2=" ">
    <subfield code="c">761155</subfield>
    <subfield code="d">761155</subfield>
  </datafield>
  <datafield tag="952" ind1=" " ind2=" ">
    <subfield code="0">0</subfield>
    <subfield code="1">0</subfield>
    <subfield code="2">ddc</subfield>
    <subfield code="4">0</subfield>
    <subfield code="7">0</subfield>
    <subfield code="a">POL</subfield>
    <subfield code="b">POL</subfield>
    <subfield code="c">REF</subfield>
    <subfield code="d">2026-02-05</subfield>
    <subfield code="l">0</subfield>
    <subfield code="o">R 327.202 KAR/D</subfield>
    <subfield code="p">POL23903</subfield>
    <subfield code="r">2026-06-30 14:59:11</subfield>
    <subfield code="w">2026-06-30</subfield>
    <subfield code="y">REF</subfield>
  </datafield>
</record>
